|
|
|
|
| LEADER |
00705nam a22002291a 4500 |
| 001 |
000721968 |
| 003 |
CZ BrMZK |
| 005 |
20040616132332.0 |
| 008 |
040616s1946 xr f cze |
| 015 |
|
|
|a cnb000670085
|
| 035 |
|
|
|a (OCoLC)85426138
|
| 040 |
|
|
|a BOA001
|b cze
|c BOA001
|
| 100 |
1 |
|
|a Kareisová, Eva,
|d 1901-1980
|7 jk01052999
|4 aut
|
| 245 |
1 |
0 |
|a Třináctiletý /
|c Eva Kareisová
|
| 260 |
|
|
|a Praha :
|b Orbis,
|c 1946
|
| 300 |
|
|
|a 31 s.
|
| 490 |
1 |
|
|a Bojovníci ;
|v sv. 19
|
| 500 |
|
|
|a V tiráži uveden rok vydání 1947
|
| 830 |
|
0 |
|a Bojovníci
|0 s
|
| 910 |
|
|
|a BOA001
|b PK-A-0011.132
|
| 990 |
|
|
|a BK
|
| 996 |
6 |
|
|b BC-153094
|c PK-A-0011.132
|l MZK
|r Sklad / do 1 hodiny
|n 0
|w 000721968
|u 000010
|a 1
|e BOA001
|j MZK50
|s P
|